| 000 | 00935aam a2200385a 44500 | ||
|---|---|---|---|
| 008 | 030604s2003 cat | ||
| 017 | _aB-20989-2003 | ||
| 041 | _acat | ||
| 041 | _bara | ||
| 041 | _bchi | ||
| 041 | _beng | ||
| 041 | _bfre | ||
| 041 | _bger | ||
| 041 | _bita | ||
| 041 | _bspa | ||
| 080 | _a804.99(038) | ||
| 245 | _aViure a Catalunya: vocabulari en imatges | ||
| 260 | _aBarcelona | ||
| 260 | _bGeneralitat de Catalunya. Departament de Cultura. Direcció General de Política Lingüística | ||
| 260 | _c2003 | ||
| 300 |
_a95 p. _bil. _c21 cm |
||
| 520 | _aaprox. 1.250 | ||
| 522 | _aCatalunya | ||
| 591 | _a8105 | ||
| 592 | _aObra terminològica | ||
| 593 | _aSXA | ||
| 594 | _a8105 | ||
| 650 |
_acatalà _960670 |
||
| 901 | _c<2003> | ||
| 902 | _a030604 | ||
| 942 |
_cMO _n0 |
||
| 999 |
_c62254 _d62254 |
||